000 00325nam a2200121Ia 4500
008 240624s9999 xx 000 0 und d
041 _aeng
082 _a302.23068 WAD
100 _aWADE JOHN
245 _aDEALING EFFECTIVELY WITH THE MEDIA WHAT
260 _c2004
_aNew Delhi
_bViva Books
300 _aiv, : 83 : p. : cm. ; 21
999 _c21511
_d21511